Statistics for Ruotsin verbejä

Click here to take the quiz!

General Stats

  • This quiz has been taken 6 times
  • The average score is 11 of 18

Answer Stats

HintAnswer% Correct
tullakomma kommer kom kommit
100%
osata/voidakunna kan kunde kunnat
100%
antaa/sallialåta låter lät lätit
100%
nauttianjuta njuter njöt njutit
100%
ratsastaarida rider red ridit
100%
nähdäse ser såg sett
100%
istuasitta sitter satt suttit
100%
omistaaha har hade haft
50%
pitää puhehålla håller höll hållit
50%
olla nimeltäänheta heter hette hetat
50%
ehtiähinna hinner hann hunnit
50%
hymyilläle ler log lett
50%
kärsiä/kulualida lider led lidit
50%
valehdellaljuga ljuger ljög ljugit
50%
solmiaknytta knytter knöt knutit
0%
asettaa/pannalägga lägger lade lagt
0%
repiäriva river rev rivit
0%
upota/laskeasjunka sjunker sjönke sjunkit
0%

Score Distribution

Percentile by Number Answered

Percent of People with Each Score

Your Score History

You have not taken this quiz